| 000 | 00546pam a2200193 a 4500 | ||
|---|---|---|---|
| 020 | _a0256171637 (alk. paper) | ||
| 040 | _cDLC | ||
| 082 | 0 | 0 | _a337 IRW 1998 A014 Or. |
| 100 | 1 | _aAppleyard, Dennis R. | |
| 245 | 1 | 0 | _aInternational economics / |
| 250 | _a3rd ed. | ||
| 260 |
_aBoston : _bIrwin/McGraw-Hill, _cc1998. |
||
| 300 |
_axxiv, 748 p. : _bill. (some col.) ; _c27 cm. |
||
| 650 | 0 | _aInternational economic relations. | |
| 650 | 0 | _aInternational trade. | |
| 650 | 0 | _aInternational finance. | |
| 700 | 1 | _aField, Alfred J. | |
| 942 | _cEK | ||
| 999 |
_c12928 _d12928 |
||